000 00502nam a22001697a 4500
005 20231121074337.0
008 231121b |||||||| |||| 00| 0 eng d
020 _a9780409012071
041 _aEnglish
082 _a343 AVI
100 _lEnglish
245 _aAviation Legislation in South Africa /
_cedited by ZA Beek
260 _aDurban :
_bLexisNexis (Pty) Ltd,
_c1998
300 _bxii, 187 pages ;
_c26 cm.
650 _aLegal practice
_bLaw
942 _cBK
_6ALISON_BN_VRIES
999 _c825
_d825